LEADER 01286nam--2200385---450- 001 990005912270203316 005 20131128133734.0 010 $a978-88-87983-43-5 035 $a000591227 035 $aUSA01000591227 035 $a(ALEPH)000591227USA01 035 $a000591227 100 $a20131128d2006----km-y0itay50------ba 101 0 $aita 102 $aIT 105 $a||||||||001yy 200 1 $aFilippo Briganti patrizio di Gallipoli$eteoria e prassi del governo cittadino nel Settecento napoletano$fElena Papagna$gcon appendice di testi 210 $aRoma$cEdizioni di storia e letteratura$d2006 215 $a206 p.$d24 cm 225 2 $aBiblioteca del 18. secolo$v3 410 0$12001$aBiblioteca del 18. secolo$v3 600 1$aBriganti,$bFilippo Maria$xCultura$2BNCF 676 $a945.7052 700 1$aPAPAGNA,$bElena$0133616 801 0$aIT$bsalbc$gISBD 912 $a990005912270203316 951 $aX.2.B. 2270$b2433204 L.M.$cX.2.B.$d00350131 959 $aBK 969 $aUMA 979 $aPASSARO$b90$c20131128$lUSA01$h1153 979 $aPASSARO$b90$c20131128$lUSA01$h1204 979 $aPASSARO$b90$c20131128$lUSA01$h1336 979 $aPASSARO$b90$c20131128$lUSA01$h1337 996 $aFilippo Briganti patrizio di Gallipoli$91073157 997 $aUNISA LEADER 04097nam 2200649Ia 450 001 9910450574203321 005 20200520144314.0 010 $a1-281-11694-7 010 $a9786611116941 010 $a1-4020-6500-0 024 7 $a10.1007/978-1-4020-6500-2 035 $a(CKB)1000000000404690 035 $a(EBL)338613 035 $a(OCoLC)209986111 035 $a(SSID)ssj0000111904 035 $a(PQKBManifestationID)11124745 035 $a(PQKBTitleCode)TC0000111904 035 $a(PQKBWorkID)10080569 035 $a(PQKB)11439243 035 $a(DE-He213)978-1-4020-6500-2 035 $a(MiAaPQ)EBC338613 035 $a(PPN)123734525 035 $a(Au-PeEL)EBL338613 035 $a(CaPaEBR)ebr10210959 035 $a(CaONFJC)MIL111694 035 $a(EXLCZ)991000000000404690 100 $a20070919d2008 uy 0 101 0 $aeng 135 $aur|n|---||||| 181 $ctxt 182 $cc 183 $acr 200 00$aBioinorganic electrochemistry$b[electronic resource] /$fedited by Ole Hammerich and Jens Ulstrup 205 $a1st ed. 2008. 210 $aDordrecht $cSpringer$dc2008 215 $a1 online resource (322 p.) 300 $aDescription based upon print version of record. 311 $a94-007-8689-1 311 $a1-4020-6499-3 320 $aIncludes bibliographical references and index. 327 $aElectron Tunneling Through Iron and Copper Proteins -- The Respiratory Enzyme as An Electrochemical Energy Transducer -- Reconstituted Redox Proteins On Surfaces For Bioelectronic Applications -- Voltammetry of Adsorbed Redox Enzymes: Mechanisms in The Potential Dimension -- Electrochemistry At The Dna/Electrode Interface -- Charge Transport of Solute Oligonucleotides In Metallic Nanogaps ? Observations and Some Puzzles -- In Situ Stm Studies Of Immobilized Biomolecules At The Electrodeelectrolyte Interface -- Charge Transfer And Interfacial Bioelectrochemistry At The Nanoscale And Single-Molecule Levels. 330 $aInterfacial electrochemistry of redox metalloproteins and DNA-based molecules is presently moving towards new levels of structural and functional resolution. This is the result of powerful interdisciplinary efforts. Underlying fundamentals of biological electron and proton transfer is increasingly well understood although with outstanding unresolved issues. Comprehensive bioelectrochemical studies have mapped the working environments for bioelectrochemical electron transfer, supported by the availability of mutant proteins and other powerful biotechnology. Introduction of surface spectroscopy, the scanning probe microscopies, and other solid state and surface physics methodology has finally offered exciting new fundamental and technological openings in interfacial bioelectrochemistry of both redox proteins and DNA-based molecules. Inorganic Bioelectrochemistry provides a thorough and didactic overview of state-of-the-art bioelectrochemistry with prospects for forthcoming development. The book is organized in eight chapters written by leading international experts and covers crucial relevant topics such as electron and proton transfer in metalloprotein systems, electrochemistry and electrocatalysis of redox enzymes, and electrochemistry of DNA-based molecules. A wide variety of readers will find this volume of great interest. These include final year undergraduate and postgraduate students, university lecturers in inorganic and physical chemistry as well as the biochemical and biological sciences, and research staff in medical and biotechnological companies, catalysis research, and other industries. 606 $aBioelectrochemistry 606 $aPhysiology 608 $aElectronic books. 615 0$aBioelectrochemistry. 615 0$aPhysiology. 676 $a572.437 701 $aHammerich$b Ole$f1945-$0322981 701 $aUlstrup$b Jens$f1941-$0863312 801 0$bMiAaPQ 801 1$bMiAaPQ 801 2$bMiAaPQ 906 $aBOOK 912 $a9910450574203321 996 $aBioinorganic electrochemistry$91927122 997 $aUNINA